Datum a čas kvízu
26.5
Celkem bodů
Celkový počet nahraných bodů na tomto kvízu bez doplňovacích otázek.
8.
Pořadí na kvízu
Konečné umístění týmu na tomto kvízu.
Zaznamenané odpovědi
| # | Otázka | Odpověď | Body | Výsledky |
|---|---|---|---|---|
| 1. | Neustálé zdražování služeb Čes... | Zásilkovna | 0 | |
| 2. | Saúdská Arábie jmenovala svoji... | Spojené státy americké | 1 | |
| 3. | Jak se nazývá snímek, který v... | Zelená kniha | 1 | |
| 4. | Dva obchodní řetězce ze skupin... | Billa, Penny Market | 0.5 | |
| 5. | Úřadující mistr světa v automo... | Zlatý volant | 1 | |
| 6. | Cestovatel Miroslav Zikmund os... | Tatra 87 | 0 | |
| 7. | Na začátku své výpravy, dne 8.... | Casablanca, Maroko | 0 | |
| 8. | Cestovatelé si samozřejmě nemo... | Zambezi | 1 | |
| 9. | V prvním červencovém týdnu se... | Buenos Aires | 0 | |
| 10. | Kdo by se chtěl o výpravách ob... | ve Zlíně | 1 |